<?xml version="1.0" encoding="UTF-8"?>
<record
    xmlns:xsi="http://www.w3.org/2001/XMLSchema-instance"
    xsi:schemaLocation="http://www.loc.gov/MARC21/slim http://www.loc.gov/standards/marcxml/schema/MARC21slim.xsd"
    xmlns="http://www.loc.gov/MARC21/slim">

  <leader>00662nam a22001937a 4500</leader>
  <datafield tag="999" ind1=" " ind2=" ">
    <subfield code="c">169274</subfield>
    <subfield code="d">169274</subfield>
  </datafield>
  <controlfield tag="005">20191113131545.0</controlfield>
  <datafield tag="010" ind1=" " ind2=" ">
    <subfield code="a">UR-10587</subfield>
  </datafield>
  <datafield tag="020" ind1=" " ind2=" ">
    <subfield code="c">300.00</subfield>
    <subfield code="a">-</subfield>
  </datafield>
  <datafield tag="035" ind1=" " ind2=" ">
    <subfield code="a">U-9142</subfield>
  </datafield>
  <datafield tag="037" ind1=" " ind2=" ">
    <subfield code="b">DBAD/PUB</subfield>
    <subfield code="a">-</subfield>
  </datafield>
  <datafield tag="082" ind1=" " ind2=" ">
    <subfield code="a">842</subfield>
  </datafield>
  <datafield tag="100" ind1=" " ind2=" ">
    <subfield code="a">&#x627; &#x62C;&#x645;&#x644; &#x62D;&#x633;&#x64A;&#x646;</subfield>
  </datafield>
  <datafield tag="245" ind1=" " ind2=" ">
    <subfield code="a">&#x6C1;&#x627; &#x6D3; &#x6C1;&#x645;&#x627; &#x631; &#x6CC; &#x64A;&#x6C1; &#x62F; &#x646;&#x64A;&#x627;(&#x688; &#x631; &#x627; &#x645;&#x6D2; )</subfield>
    <subfield code="c">&#x627; &#x62C;&#x645;&#x644; &#x62D;&#x633;&#x64A;&#x646;</subfield>
  </datafield>
  <datafield tag="246" ind1=" " ind2=" ">
    <subfield code="b">Hai Humari Yeh Dunia (Urdu)</subfield>
    <subfield code="a">by Ajmal Hussain </subfield>
  </datafield>
  <datafield tag="260" ind1=" " ind2=" ">
    <subfield code="a">Warangal </subfield>
    <subfield code="b">A.M.Publications</subfield>
    <subfield code="c">2016 &#x621;</subfield>
  </datafield>
  <datafield tag="270" ind1=" " ind2=" ">
    <subfield code="a">1-9-1053,(Farhat Mahal) Postal Colony,Subedari,HanamKonda,</subfield>
    <subfield code="b">Dist.Warangal(T.S.)</subfield>
    <subfield code="e">506001</subfield>
    <subfield code="k">9390103323</subfield>
    <subfield code="l">-</subfield>
  </datafield>
  <datafield tag="300" ind1=" " ind2=" ">
    <subfield code="a">141 &#x635; </subfield>
    <subfield code="c">22 Cm(Hb)</subfield>
  </datafield>
  <datafield tag="942" ind1=" " ind2=" ">
    <subfield code="2">ddc</subfield>
    <subfield code="c">UR</subfield>
    <subfield code="h">842</subfield>
    <subfield code="m">&#x627; &#x62C; &#x645; </subfield>
  </datafield>
  <datafield tag="952" ind1=" " ind2=" ">
    <subfield code="0">0</subfield>
    <subfield code="1">0</subfield>
    <subfield code="4">0</subfield>
    <subfield code="7">1</subfield>
    <subfield code="8">NFIC</subfield>
    <subfield code="a">DBAD</subfield>
    <subfield code="b">DBAD</subfield>
    <subfield code="d">2019-11-13</subfield>
    <subfield code="e">DBAD/PUB</subfield>
    <subfield code="g">300.00</subfield>
    <subfield code="l">0</subfield>
    <subfield code="o">842 &#x627; &#x62C; &#x645;</subfield>
    <subfield code="p">U-9142</subfield>
    <subfield code="r">2019-11-13 00:00:00</subfield>
    <subfield code="t">1</subfield>
    <subfield code="v">300.00</subfield>
    <subfield code="w">2019-11-13</subfield>
    <subfield code="y">UR</subfield>
  </datafield>
</record>
